Rebirth; (Record no. 201549)

MARC details
000 -LEADER
fixed length control field 00741nam a22002417a 4500
005 - DATE AND TIME OF LATEST TRANSACTION
control field 20240402155316.0
010 ## - LCCN (DPL NO)
LC control number ENG-139739
020 ## - INTERNATIONAL STANDARD BOOK NUMBER
International Standard Book Number 9788192026237
Terms of availability 800.00
035 ## - SYSTEM CONTROL NUMBER
System control number EN-123271
037 ## - SOURCE OF ACQUISITION
Source of stock number/acquisition DBAD/PUB
082 ## - DEWEY DECIMAL CLASSIFICATION NUMBER
Classification number 181.41
100 ## - MAIN ENTRY--PERSONAL NAME
Personal name P.V. Vartak
245 ## - TITLE STATEMENT
Title Rebirth;
Remainder of title A Scientific Odyssey Of Changing Bodies/
Statement of responsibility, etc By P.V Vartak...[et.al]
260 ## - PUBLICATION, DISTRIBUTION, ETC. (IMPRINT)
Place of publication, distribution, etc Pune , Maharashtra
Name of publisher, distributor, etc Veda Vidnyana Mandal
Date of publication, distribution, etc 2011
270 ## - ADDRESS
Address 497,Shaniwar Peth,
City Pune
Postal code 411030
300 ## - PHYSICAL DESCRIPTION
Extent 388p.
Dimensions 22cm(hbk)
700 ## - ADDED ENTRY--PERSONAL NAME
Personal name Brahmarshi
9 (RLIN) 64213
700 ## - ADDED ENTRY--PERSONAL NAME
Personal name Samajabhushan
9 (RLIN) 64214
700 ## - ADDED ENTRY--PERSONAL NAME
Personal name Shraddhanand
9 (RLIN) 64215
700 ## - ADDED ENTRY--PERSONAL NAME
Personal name Janasoorya
9 (RLIN) 64216
700 ## - ADDED ENTRY--PERSONAL NAME
Personal name Prajnana Brahma
9 (RLIN) 64217
942 ## - ADDED ENTRY ELEMENTS (KOHA)
Source of classification or shelving scheme Dewey Decimal Classification
Item type English Books
Classification part 181.41
Call number suffix VAR
Holdings
Withdrawn status Lost status Not for loan Collection code Home library Current library Date acquired Source of acquisition Cost, normal purchase price Full call number Barcode Copy number Cost, replacement price Koha item type
      Non-fiction Bawana Bawana 18/03/2024 DBAD 800.00 181.41 VAR EN-123271 1 800.00 English Books

© Delhi Public Library
Hit Counter
free hit counter